Best Current Goalie on each NHL Team - Statistics

General Stats
  • This quiz has been taken 19 times
    4 since last reset
  • The average score is 23 of 32
Answer Stats
Team Goalie % Correct
Lightning Andrei Vasilevskiy
100%
Maple Leafs Anthony Stolarz
100%
Golden Knights Carter Hart
100%
Jets Connor Hellebuyck
100%
Kings Darcy Kuemper
100%
Hurricanes Frederik Andersen
100%
Rangers Igor Shesterkin
100%
Islanders Ilya Sorokin
100%
Devils Jake Allen
100%
Stars Jake Oettinger
100%
Canadiens Jakub Dobes
100%
Bruins Jeremy Swayman
100%
Blues Jordan Binnington
100%
Predators Juuse Saros
100%
Senators Linus Ullmark
100%
Capitals Logan Thompson
100%
Panthers Sergei Bobrovsky
100%
Penguins Arturs Silovs
50%
Oilers Connor Ingram
50%
Flyers Dan Vladar
50%
Flames Dustin Wolf
50%
Wild Filip Gustavsson
50%
Kraken Joey Daccord
50%
Red Wings John Gibson
50%
Mammoth Karel Vejmelka
50%
Ducks Lukas Dostal
50%
Avalanche Mackenzie Blackwood
50%
Sabres Ukko-Pekka Luukkonen
50%
Blue Jackets Jet Greaves
0%
Canucks Kevin Lankinen
0%
Blackhawks Spencer Knight
0%
Sharks Yaroslav Askarov
0%
No matching quizzes found
Score Distribution
Percent of People with Each Score
Percentile by Number Answered
Your Score History
You have not taken this quiz since the last reset